000 00350nam a2200169Ia 4500
003 0100
008 130303s9999 xx 000 0 und d
040 _cARRUPELIB
050 _aBV4211.L5
100 _aLiske, Thomas V
245 _aEffective preaching
260 _aNY
260 _bMacmillan
260 _C1951
300 _a293p
942 0 0 _01
999 _c55428
_d55428